000
00357nam a2200169Ia 4500
008
210210b1907 xxu||||| |||| 00| 0 eng d
041
_a
eng
082
_a
828/341
100
_a
JULEVILLE (L P De)
245
_a
Joan of arc
260
_a
London
_b
-
_c
1907
650
_a
of
650
_a
Joan
650
_a
arc
690
_a
Biography
906
_a
016186
999
_c
135596
_d
135596